Foundations of Psychiatric Mental Health Nursing (Record no. 15616)

MARC details
000 -LEADER
fixed length control field 00538nam a22001697a 4500
008 - FIXED-LENGTH DATA ELEMENTS--GENERAL INFORMATION
fixed length control field 160209b xxu||||| |||| 00| 0 eng d
020 ## - INTERNATIONAL STANDARD BOOK NUMBER
International Standard Book Number 1455753581
100 ## - MAIN ENTRY--PERSONAL NAME
Personal name Halter Margaret Jordan
245 ## - TITLE STATEMENT
Title Foundations of Psychiatric Mental Health Nursing
Remainder of title A Clinical Approach
250 ## - EDITION STATEMENT
Edition statement 7th ed.
260 ## - PUBLICATION, DISTRIBUTION, ETC. (IMPRINT)
Place of publication, distribution, etc. USA
Name of publisher, distributor, etc. Elsevier Saunders
Date of publication, distribution, etc. 2014
300 ## - PHYSICAL DESCRIPTION
Extent xxviii, 706p.
Other physical details ill.
440 ## - SERIES STATEMENT/ADDED ENTRY--TITLE
Volume/sequential designation Vol 37
650 ## - SUBJECT ADDED ENTRY--TOPICAL TERM
Topical term or geographic name as entry element Mental Disorders
Form subdivision Nursing
650 ## - SUBJECT ADDED ENTRY--TOPICAL TERM
Topical term or geographic name as entry element Psychiatric Nursing
942 ## - ADDED ENTRY ELEMENTS (KOHA)
Source of classification or shelving scheme Library of Congress Classification
Koha item type General Collection
Edition 7th ed.
Classification part RC 440
Call number prefix V.37 2014 C.2
Holdings
Withdrawn status Lost status Source of classification or shelving scheme Not for loan Home library Current library Shelving location Date acquired Cost, normal purchase price Total Checkouts Full call number Barcode Date last seen Date last checked out Copy number Price effective from Koha item type Total Renewals Cost, replacement price
    Library of Congress Classification   Kabarak, Main Campus Kabarak, Main Campus General Stacks 09/02/2016 8595.60 15 RC 440 .V37 2014 C.1 016553 06/07/2023 16/06/2023 c.1 09/02/2016 General Collection    
    Library of Congress Classification   Kabarak, Main Campus Kabarak, Main Campus General Stacks 09/02/2016 8595.60 13 RC 440 .V37 2014 C.2 016606 15/07/2021 28/06/2021 c.2 09/02/2016 General Collection 1 8595.60
    Library of Congress Classification   Kabarak, Main Campus Kabarak, Main Campus General Stacks 09/02/2016 8595.60 13 RC 440 .V37 2014 C.4 016600 29/07/2023 29/07/2023 c.4 09/02/2016 General Collection 2  
    Library of Congress Classification   Kabarak, Main Campus Kabarak, Main Campus General Stacks 09/02/2016 8595.60 16 RC 440 .V37 2014 C.3 016680 14/06/2025 29/05/2025 c.3 09/02/2016 General Collection 1  
Designed with assistance from East African Informatics Ltd